[Event "Charlotte IM-B MLK 2022"]
[Site "Charlotte"]
[Date "2022.01.15"]
[Round "4.5"]
[White "Oberoi, Shelev"]
[Black "Chen, Ryo"]
[Result "0-1"]
[WhiteElo "2268"]
[BlackElo "2294"]
[Annotator "ChessBase"]
[PlyCount "120"]
[EventDate "2022.01.13"]
[EventType "tourn"]
[EventCountry "USA"]
[SourceTitle "playchess.com"]
[Source "ChessBase"]
[SourceQuality "1"]
[TimeControl "5400+30"]

1. e4 {[%emt 0:00:01]} c5 {[%emt 0:00:01]} 2. c3 {[%emt 0:00:21]} d5 {[%emt 0:00:03]} 3. exd5 {[%emt 0:00:13]} Qxd5 {[%emt 0:00:11]} 4. d4 {[%emt 0:00:25]} g6 {[%emt 0:00:02]} 5. Nf3 {[%emt 0:01:58]} Bg7 {[%emt 0:00:01]} 6. Na3 {[%emt 0:01:16]} cxd4 {[%emt 0:00:16]} 7. Nb5 {[%emt 0:00:16]} Na6 {[%emt 0:00:13]} 8. Nbxd4 {[%emt 0:00:18]} Nf6 {[%emt 0:00:23]} 9. Bb5+ {[%emt 0:00:23]} Bd7 {[%emt 0:00:16]} 10. Bxa6 {[%emt 0:00:23]} bxa6 {[%emt 0:00:01]} 11. O-O {[%emt 0:00:33]} e6 {[%emt 0:20:27]} 12. Re1 {[%emt 0:10:58]} O-O {[%emt 0:02:43]} 13. Ne5 {[%emt 0:03:48]} Rfc8 {[%emt 0:06:19]} 14. h3 {[%emt 0:13:27]} Qb7 {[%emt 0:18:38]} 15. Bg5 {[%emt 0:11:24]} Be8 {[%emt 0:10:43]} 16. Qe2 {[%emt 0:11:05]} Nd7 {[%emt 0:07:31]} 17. Nef3 {[%emt 0:05:20]} e5 {[%emt 0:03:37]} 18. Nb3 {[%emt 0:00:59]} f6 {[%emt 0:01:41]} 19. Be3 {[%emt 0:00:47]} Qb5 {[%emt 0:03:36]} 20. Rad1 {[%emt 0:06:45]} Nb6 {[%emt 0:04:06]} 21. Qxb5 {[%emt 0:30:20]} Bxb5 {[%emt 0:02:20]} 22. Na5 {[%emt 0:00:00]} Bf8 {[%emt 0:02:15]} 23. Rd2 {[%emt 0:00:00]} Nc4 {[%emt 0:01:24]} 24. Nxc4 {[%emt 0:00:00]} Bxc4 {[%emt 0:15:43]} 25. g4 {[%emt 0:00:00]} g5 {[%emt 0:00:00]} 26. Ra1 {[%emt 0:00:00]} Be6 {[%emt 0:00:00]} 27. Nh2 {[%emt 0:00:00]} h5 {[%emt 0:00:00]} 28. f3 {[%emt 0:00:00]} h4 {[%emt 0:00:00]} 29. Nf1 {[%emt 0:00:00]} a5 {[%emt 0:00:00]} 30. Rd3 {[%emt 0:00:00]} Rab8 {[%emt 0:00:00]} 31. b3 {[%emt 0:00:00]} a4 {[%emt 0:00:00]} 32. c4 {[%emt 0:00:00]} Bc5 {[%emt 0:00:00]} 33. Bxc5 {[%emt 0:00:00]} Rxc5 {[%emt 0:00:00]} 34. Rd6 {[%emt 0:00:00]} Kf7 {[%emt 0:00:51]} 35. Nd2 {[%emt 0:00:00]} Rc7 {[%emt 0:00:45]} 36. Kf2 {[%emt 0:00:00]} Ke7 {[%emt 0:04:24]} 37. Ra6 {[%emt 0:00:22]} Bd7 {[%emt 0:00:00]} 38. Ke3 {[%emt 0:01:26]} Bc6 {[%emt 0:00:00]} 39. Rc1 {[%emt 0:02:10]} Rd8 {[%emt 0:01:30]} 40. Rc2 {[%emt 0:01:07]} Rd6 {[%emt 0:00:00]} 41. Nb1 {[%emt 0:03:17]} Be4 {[%emt 0:00:00]} 42. fxe4 {[%emt 0:01:16]} axb3 {[%emt 0:00:17]} 43. axb3 {[%emt 0:00:22]} Rxa6 {[%emt 0:00:07]} 44. Nc3 {[%emt 0:00:02]} Rb7 {[%emt 0:00:44]} 45. Nd5+ {[%emt 0:00:59]} Kd7 {[%emt 0:00:47]} 46. Rc3 {[%emt 0:00:46]} Ra3 {[%emt 0:00:22]} 47. Nxf6+ {[%emt 0:00:35]} Ke6 {[%emt 0:00:13]} 48. Nd5 {[%emt 0:00:31]} Rbxb3 {[%emt 0:00:06]} 49. Rxb3 {[%emt 0:00:27]} Rxb3+ {[%emt 0:00:01]} 50. Kf2 {[%emt 0:00:01]} a5 {[%emt 0:00:33]} 51. c5 {[%emt 0:00:10]} Kd7 {[%emt 0:00:10]} 52. Ne3 {[%emt 0:00:40]} Rxe3 {[%emt 0:00:27]} 53. Kxe3 {[%emt 0:00:25]} Kc6 {[%emt 0:00:01]} 54. Ke2 {[%emt 0:00:40]} Kxc5 {[%emt 0:00:07]} 55. Kd3 {[%emt 0:00:04]} Kb4 {[%emt 0:00:10]} 56. Kc2 {[%emt 0:00:06]} Kc4 {[%emt 0:00:09]} 57. Kb2 {[%emt 0:00:07]} Kd4 {[%emt 0:00:05]} 58. Ka3 {[%emt 0:00:04]} Kxe4 {[%emt 0:05:11]} 59. Ka4 {[%emt 0:00:04]} Kd3 {[%emt 0:00:00]} 60. Kxa5 {[%emt 0:00:08]} e4 {[%emt 0:00:00]} 0-1

[Event "Charlotte IM-B MLK 2022"]
[Site "Charlotte"]
[Date "2022.01.16"]
[Round "5.1"]
[White "Chen, Ryo"]
[Black "Lima Martinez, Alejandro"]
[Result "1-0"]
[WhiteElo "2294"]
[BlackElo "2078"]
[Annotator "TA"]
[PlyCount "104"]
[EventDate "2022.01.13"]
[EventType "tourn"]
[EventCountry "USA"]
[SourceTitle "playchess.com"]
[Source "ChessBase"]
[SourceQuality "1"]

{[%evp 16,104,37,15,8,20,75,87,73,70,72,-41,0,-35,47,37,36,37,40,20,18,0,64,46,118,73,81,54,73,73,114,110,73,73,119,87,78,19,71,71,71,68,71,68,75,79,842,819,879,868,865,860,816,802,700,0,528,116,562,482,488,450,5206,256,229,154,149,0,0,0,0,0,57,0,0,0,0,0,0,0,0,0,29969,29970,29974,29975,29974,29975,29973,11456,5297]} 1. e4 c5 2. Nf3 d6 3. d4 cxd4 4. Nxd4 Nf6 5. Nc3 a6 6. Be2 e6 7. O-O b5 8. Bf3 $1 {8.Bf3 is better than 8.a3.} Ra7 9. Be3 {[%cal Od4e6] Nxe6! is the strong threat.} Rc7 {B84: Sicilian Scheveningen: 6 Be2 a6, lines without early Be3.} 10. Nb3 {[%cal Oe4e5]} Nbd7 (10... Rd7 $11) 11. a4 $16 b4 {White is better.} 12. Na2 Bb7 {[#]} 13. Nd2 $146 (13. Nxb4 $16 d5 14. c3) ({Predecessor:} 13. Nxb4 Qa8 14. Na5 Bxe4 15. Bxe4 Nxe4 16. Qe2 Nec5 17. Rfd1 Be7 18. Bf4 Qe4 19. Qxe4 Nxe4 {0-1 (60) Migot,T (2353)-Fedoseev,V (2687) Tornelo INT 2021}) 13... Qa8 (13... d5 $15 {is superior.}) 14. c3 Nxe4 (14... bxc3 $15 15. Nxc3 Be7) 15. Nxe4 (15. Nxb4 Nxd2 16. Bxb7 (16. Bxd2 Bxf3 17. Qxf3 Qxf3 $15) 16... Qxb7 $11) 15... Bxe4 16. Bxe4 (16. Nxb4 Bxf3 17. Qxf3 Qxf3 18. gxf3 a5 $15) 16... Qxe4 17. Nxb4 Qb7 18. Qe2 Nb8 (18... a5 $11 19. Nc2 Be7) 19. a5 d5 (19... Be7 $14) 20. Bd4 $36 {[%mdl 2048] Keeping Black busy. White is more active.} (20. Bf4 $142 Rc8 21. Bxb8 Bxb4 22. Be5 (22. cxb4 Rxb8 23. Ra3 O-O $15)) 20... Rc4 21. Rad1 {[%cal Ob4d5]} Bxb4 22. cxb4 Nc6 {To avoid Qe5} (22... Qxb4 $142 23. Qe5 Rg8) 23. Bxg7 Rg8 24. Bc3 Nxb4 (24... Qb5 $142) 25. Bxb4 Rxb4 26. Rc1 (26. Qh5 $1 $16) 26... Rgg4 (26... Rxb2 27. Qh5 $14) (26... Rg5 $11) 27. b3 $1 {Threatens to win with Rc5.} Rge4 28. Qh5 Rxb3 29. Qxh7 {aiming for Qg8+.} Ke7 30. Qh8 Rbb4 $2 {[%mdl 8192]} (30... Rc4 $16) 31. Rc8 $18 {[%csl Gc8][%cal Rh8d8]} Qd7 {To avoid Qd8+} 32. Qf8+ Kf6 33. Qh6+ Ke5 34. Qg7+ ({Inferior is} 34. f3 Qxc8 35. fxe4 Rxe4 $11) 34... Kd6 35. Qh8 {Hoping for Rd8.} Ke7 $1 {Prevents Rd8.} 36. Rfc1 $2 (36. g3 $18) 36... Rec4 $2 {[%mdl 8192]} (36... Rbc4 $16 37. Qf8+ Kf6 38. Qh6+ Ke7 39. Qf8+ Kf6 40. Qh8+ Ke7 41. Qf8+) 37. Qf8+ Kf6 38. Qh6+ Ke5 (38... Kf5 $142) 39. Qe3+ $2 (39. Re1+ Kf5 40. Rg8) 39... Kf6 40. R8xc4 {Dancing on a razor blade.} ({But not} 40. Qh6+ $6 Ke7 41. R1xc4 Rxc4 42. Rxc4 dxc4 43. Qh4+ Kf8 44. Qxc4 Qd1+ 45. Qf1 Qd4) 40... Rxc4 {[%mdl 4096] Endgame KQR-KQR} 41. Re1 (41. Qh6+ $16 Ke7 42. Rxc4 dxc4 43. Qh4+ Kf8 44. Qxc4) 41... Qc7 $11 42. Qh6+ Ke7 43. Qg5+ Ke8 (43... Kd7 $11) 44. h4 (44. Qxd5 $1 $14 Rc1 45. Qe4) 44... Qd8 45. Qg8+ Ke7 46. Qg3 Qxa5 47. Qg5+ Kd7 48. Rb1 {Black must now prevent Qf6.} Qd8 {[%mdl 8192] Inhibits Qf6.} (48... Rb4 $11 49. Rxb4 Qxb4) 49. Rb7+ {[%mdl 64] Skewer} Rc7 {[#]} 50. Qxd8+ $1 Kxd8 {[#]} 51. Rxc7 $1 Kxc7 52. h5 {Threatening mate with h6.} Kd8 {Weighted Error Value: White=0.69/Black=0.54} 1-0

[Event "Charlotte IM-B MLK 2022"]
[Site "Charlotte"]
[Date "2022.01.16"]
[Round "5.2"]
[White "Fishbein, Alexander"]
[Black "Oberoi, Shelev"]
[Result "0-1"]
[WhiteElo "2458"]
[BlackElo "2268"]
[Annotator "TA"]
[PlyCount "186"]
[EventDate "2022.01.13"]
[EventType "tourn"]
[EventCountry "USA"]
[SourceTitle "playchess.com"]
[Source "ChessBase"]
[SourceQuality "1"]

{[%evp 17,186,0,0,0,0,0,19,13,5,0,0,0,0,0,64,60,98,0,-8,0,0,0,12,22,12,22,37,0,0,0,0,-18,-27,-50,-22,-216,-204,-233,-227,-350,-339,-494,-483,-581,-348,-347,-338,-328,-346,-348,-339,-329,-336,-346,-340,-341,-344,-339,-331,-341,-331,-456,-464,-459,-450,-506,-487,-525,-400,-430,-382,-369,-362,-498,-473,-546,-546,-546,-546,-546,-546,-517,-512,-546,-512,-510,-510,-505,-498,-721,-511,-29981,-29982,-29982,-29983,-29989,-29987,-29987,-29988,-29988,-29989,-29989,-29986,-29986,0,-29989,-29978,-29968,-29969,-29964,-29963,-29987,-29988,-29988,-29989,-29989,-29989,-29989,-29987,-29993,-29994,-29994,-29987,-29987,-29970,-29970,-29971,-29971,-29972,-29972,-29973,-29974,-29974,-29974,-29975,-29974,-29976,-29976,-29973,-29986,-29987,-29987,-29987,-29987,-29988,-29988,-29985,-29985,-29986,-29989,-29990,-29990,-29991,-29995,-29996,-29996,-29992,-29992,-29993,-29993,-29992,-29994,-29995,-29995,-29993,-29994,-29995,-29995,-29994,-29996,-29997]} 1. d4 d5 2. c4 dxc4 3. e3 e5 4. Bxc4 exd4 5. exd4 Bd6 6. Nf3 Nf6 7. O-O O-O 8. Nc3 Nc6 9. h3 h6 10. Qc2 {D20: Queen's Gambit Accepted: 3 e3 and 3 e4.} a6 11. a3 b5 12. Ba2 {[%cal Oc3b5] The position is equal.} Ne7 13. Ne5 c5 14. Nxf7 Rxf7 {[#]} 15. dxc5 $146 ({Predecessor:} 15. Bxf7+ Kxf7 16. dxc5 Bxc5 17. Nxb5 Qb6 18. Nc3 Qc6 19. Qa4 Qxa4 20. Nxa4 Ba7 21. Be3 Bxe3 22. fxe3 {1-0 (37) Yordanov,L (2267)-Boev,V (1976) Teteven 2016}) 15... Bb8 (15... Bxc5 $11 16. Rd1 Qf8) 16. Rd1 $1 $14 {[%mdl 1024] White has compensation.} Qe8 (16... Qc7 $2 17. Bf4 $1 {[%mdl 512]} Bf5 18. Bxc7 $18) 17. a4 (17. Bxf7+ $6 Kxf7 18. Re1 Bb7 $11) (17. Ne4 $1 $16 {[%cal Re4f6]} Be5 18. Bxf7+ Kxf7 19. Re1 (19. Nd6+ Bxd6 20. Rxd6 Nf5 $14)) 17... Bf5 $11 18. Qe2 {[%cal Ra4b5]} b4 (18... bxa4 19. Qf3 $14 (19. Bxf7+ Kxf7 20. Be3 Be5 $14)) 19. Nd5 (19. Bxf7+ Qxf7 20. Qf3 Qe8 $1 $15) 19... Nexd5 20. Qxe8+ Nxe8 21. Bxd5 Raa7 22. Be3 Rae7 23. Bxf7+ Kxf7 24. Rac1 b3 {next ...Be5 is good for Black.} 25. Rc4 Bc2 26. Rd8 {Black converts the advantage convincingly.} (26. Rd2 $11) 26... Be5 $19 27. c6 Bxb2 28. Rd7 (28. Rd2 $142) 28... Ba3 {...b2 is the strong threat.} 29. Bd4 (29. Rb7 {is a better defense.} Bd6 30. Bc1) 29... Nd6 ({Much less strong is} 29... b2 30. Bxb2 $1 {[%mdl 512]} Bxb2 31. Rxc2 $18) 30. Rc3 Rxd7 31. cxd7 Ke7 {Hoping for ...Nf5.} 32. Rc7 Bf5 {This bishop pair is nice.} ({Weaker is} 32... b2 33. Bxb2 $1 Bxb2 34. Rxc2 $14) ({Stronger than} 32... Nf5 33. Bc3 $11) 33. Bxg7 {[%cal Og7f6] Black must now prevent Bf6+!} Bxd7 (33... b2 $2 {[#]} 34. Bf6+ $1 {[%mdl 512]} Kxf6 35. d8=Q+ $18) 34. Ra7 b2 35. Bxb2 Bxb2 36. Rxa6 Bd4 {Prevents Rb6.} 37. g4 Be6 38. Kg2 Bd5+ 39. Kg3 Bb7 40. Ra5 Ne4+ 41. Kf4 Nxf2 42. Rh5 Bg7 43. Ke3 Ne4 44. Rb5 Nd6 45. Rb4 Ke6 46. Rb1 Bc6 47. Rb4 Bf6 48. Kd3 Kd5 49. a5 Nb7 50. Rf4 Be5 51. Rf5 Nxa5 52. Rh5 Bb5+ 53. Kc2 (53. Ke3 $142) 53... Kd4 {Strongly threatening ...Be8.} 54. Rxh6 (54. Kd1 $19) 54... Ba4+ 55. Kb1 Kc3 56. g5 Bc2+ 57. Ka2 Bb3+ 58. Kb1 Nc4 59. Ra6 Bc2+ 60. Ka2 Bb3+ 61. Kb1 Bd6 {Black mates.} 62. Rc6 Ba4 63. Rc8 Bd7 {[%csl LRc8,LRh3]} 64. Rh8 Bf5+ 65. Ka2 Nd2 66. Re8 Bb1+ 67. Ka1 Bd3 68. Rc8+ Kb3 69. Re8 Bb4 {[%cal Rb4c3]} 70. Rb8 Be4 71. h4 Ka3 {[%cal Rd2b3]} 72. Rxb4 Kxb4 73. Kb2 Nc4+ 74. Kc1 Bg6 75. Kd1 Kc3 76. Ke2 Bh5+ 77. Kf2 Kd4 78. Ke1 Ke3 79. Kf1 Nd2+ 80. Kg2 Ne4 81. Kf1 Kd2 82. Kg2 Ke2 83. Kg1 Nd6 84. Kg2 Nf5 85. Kh3 Kf2 86. g6 Kf3 87. Kh2 Bxg6 88. Kg1 Ke2 89. Kg2 Bh5 90. Kg1 Nxh4 91. Kh2 Kf2 92. Kh3 Nf5 93. Kh2 Bg4 {Weighted Error Value: White=0.36/Black=0.18 (very precise)} 0-1

[Event "Charlotte IM-B MLK 2022"]
[Site "Charlotte"]
[Date "2022.01.16"]
[Round "5.3"]
[White "Kanli, Alperen"]
[Black "Wu, Rochelle"]
[Result "1/2-1/2"]
[WhiteElo "2055"]
[BlackElo "2176"]
[Annotator "TA"]
[PlyCount "58"]
[EventDate "2022.01.13"]
[EventType "tourn"]
[EventCountry "USA"]
[SourceTitle "playchess.com"]
[Source "ChessBase"]
[SourceQuality "1"]

{[%evp 9,58,0,25,35,37,36,54,48,37,49,38,-3,14,0,25,-17,0,-48,-41,-52,0,0,0,0,0,0,2,0,0,0,0,-6,12,12,12,11,11,10,12,0,29,56,52,46,43,3,0,0,0,0,0]} 1. d4 d5 2. c4 c6 3. Nf3 Nf6 4. g3 dxc4 5. Bg2 Nbd7 6. a4 {D11: Slav Defence: 3 Nf3 sidelines and 3...Nf6 4 e3 Bg4.} g6 7. Na3 Bg7 8. Nxc4 {White is slightly better.} O-O 9. O-O Nb6 10. Nfe5 (10. Ncd2 $14 {is more appropriate.}) 10... Nxc4 (10... Ng4 {feels hotter.} 11. e3 Bxe5 12. Nxe5 Nxe5 13. dxe5 Qxd1 14. Rxd1 Nc4) 11. Nxc4 Be6 12. Ne5 (12. b3 $142) 12... Nd7 {[#]} 13. f4 $146 (13. Nf3 $11 {deserves consideration.}) ({Predecessor:} 13. Nf3 Bd5 14. Qc2 Bxf3 15. Bxf3 Bxd4 16. Rd1 Bg7 17. Bg5 Qe8 18. Rab1 Ne5 19. Bg2 Rd8 20. b4 Rxd1+ 21. Rxd1 {½-½ (36) Mchedlishvili,M (2603)-Malakhov,V (2686) Riadh 2017}) 13... Nxe5 $15 14. fxe5 Bd5 ({Black should try} 14... Qd7 $15) 15. Qd3 $1 $11 Bxg2 16. Kxg2 Qd5+ 17. e4 Qd7 {[%cal Og7e5]} 18. Bf4 Rad8 19. Rfd1 f5 20. exf6 Bxf6 21. Qc4+ e6 {[%cal Rf6d4]} 22. Rd2 Rf7 ({But not} 22... Bxd4 23. Bg5 b6 24. Bxd8 Rxd8 25. Rf1 $16) 23. Rad1 Qe8 24. b4 e5 25. dxe5 Rxd2+ 26. Rxd2 Bxe5 27. Bxe5 Qxe5 {The position is equal.} 28. Rd7 Qf6 29. Rxb7 {Active counter play!} Qf3+ $1 {Weighted Error Value: White=0.09 (flawless) /Black=0.08 (flawless)} 1/2-1/2

[Event "Charlotte IM-B MLK 2022"]
[Site "Charlotte"]
[Date "2022.01.16"]
[Round "5.4"]
[White "Bregadze, Levan"]
[Black "Amburgy, Ryan"]
[Result "1/2-1/2"]
[WhiteElo "2448"]
[BlackElo "2135"]
[Annotator "TA"]
[PlyCount "85"]
[EventDate "2022.01.13"]
[EventType "tourn"]
[EventCountry "USA"]
[SourceTitle "playchess.com"]
[Source "ChessBase"]
[SourceQuality "1"]

{[%evp 13,85,17,19,0,0,-29,-8,-18,-18,-19,-19,-21,0,0,14,-35,0,-48,31,0,0,0,0,0,0,0,0,0,0,0,16,12,9,11,30,23,63,0,18,18,18,0,0,0,0,0,0,0,18,18,18,18,49,49,49,18,49,49,49,49,49,0,0,0,0,0,0,0,0,0,0,0,0,0]} 1. e4 c6 2. d4 d5 3. exd5 cxd5 4. c4 Nf6 5. Nc3 g6 6. Qb3 Bg7 7. cxd5 O-O 8. Bc4 {B14: Caro-Kann: Panov-Botvinnik Attack with 5...e6 and 5...g6.} Nbd7 9. Nge2 a6 10. a4 Nb6 11. O-O {[#]} Bf5 $146 ({Predecessor:} 11... Nxc4 12. Qxc4 e6 13. Nf4 Nxd5 14. Nfxd5 exd5 15. Qxd5 Qb6 16. a5 Qxd4 17. Rd1 Qxd5 18. Nxd5 {1-0 (51) Karaklajic,N-Tot,B Zagreb 1949}) 12. Ng3 Nxc4 (12... Bc2 $5 13. Qxc2 Nxc4 $11) 13. Qxc4 ({Don't go for} 13. Nxf5 $2 Na5 14. Qc2 gxf5 15. Qxf5 Nb3 $19) 13... Bc2 14. Bg5 (14. Ra3 $11) 14... Qb6 (14... Rc8 $5 {[%cal Rc8c4]} 15. Qa2 Qb6 $11) 15. a5 {[#]} (15. Qe2 $11 {is superior.} Bb3 16. Ra3) 15... Bb3 $1 16. axb6 (16. Qa4 $5 Bxa4 17. axb6 $14) 16... Bxc4 17. Rfe1 Nxd5 18. Nxd5 Bxd5 {This bishop pair is nice.} 19. Bxe7 Rfe8 20. Bc5 f5 21. Nf1 Rad8 22. Rxe8+ Rxe8 23. Ne3 Bb3 24. g3 Re4 25. d5 ({White should try} 25. Ra3 $14 Bf7 26. f3) 25... Bd4 26. Bxd4 Rxd4 $11 {[%mdl 4096] Endgame KRB-KRN} 27. Rc1 Bxd5 28. Rc8+ Kf7 29. Rc7+ Ke6 30. Nxd5 ({Of course not} 30. Rxh7 Be4 $15) 30... Rxd5 31. Rxh7 {KR-KR} Rb5 32. Rxb7 Rxb2 33. Rb8 {[#] Threatens to win with b7.} Kf7 34. Kg2 a5 35. b7 {Strongly threatening Rh8.} Kg7 {To avoid Rh8} 36. h4 a4 37. h5 (37. Ra8 $14 Rxb7 38. Rxa4) 37... gxh5 {The position is equal.} 38. Kh3 Rb4 39. Ra8 Rxb7 40. Kh4 f4 41. gxf4 Kg6 42. Rxa4 Kf5 43. Ra5+ {Weighted Error Value: White=0.11 (very precise) /Black=0.12 (very precise)} 1/2-1/2

[Event "Charlotte IM-B MLK 2022"]
[Site "Charlotte"]
[Date "2022.01.16"]
[Round "5.5"]
[White "Matros, Alexander"]
[Black "Shen, Christopher"]
[Result "1/2-1/2"]
[WhiteElo "2361"]
[BlackElo "2335"]
[Annotator "TA"]
[PlyCount "118"]
[EventDate "2022.01.13"]
[EventType "tourn"]
[EventCountry "USA"]
[SourceTitle "playchess.com"]
[Source "ChessBase"]
[SourceQuality "1"]

{[%evp 19,118,17,15,5,22,18,26,10,10,0,18,0,0,0,0,0,0,10,51,47,43,40,36,22,15,17,13,10,15,8,31,30,39,26,37,29,53,50,60,60,67,66,66,66,66,52,52,53,60,48,75,75,75,0,89,75,85,54,75,75,77,78,79,78,80,61,65,59,76,58,58,58,58,58,58,58,58,59,59,60,65,0,60,61,212,99,94,110,90,68,105,63,270,252,213,114,116,60,87,0,0]} 1. d4 Nf6 2. c4 g6 3. Nc3 d5 4. cxd5 Nxd5 5. e4 Nxc3 6. bxc3 Bg7 7. Bc4 O-O 8. Ne2 c5 9. Be3 Nc6 10. Rc1 Qa5 11. O-O {D87: Exchange Grünfeld: Classical Line: Variations without ...cxd4.} Rd8 12. Qb3 e6 {[%cal Rc5d4]} 13. d5 {[#] White has an edge.} Ne5 $146 ({Predecessor:} 13... exd5 14. Bxd5 Rd7 15. Qc4 Ne5 16. Qb3 Rb8 17. Rfd1 Qc7 18. Bf4 b5 19. Bg3 c4 {0-1 (37) Verich,O (1147)-Lukin,A (1398) LSS email 2015}) 14. dxe6 Nxc4 15. exf7+ Kxf7 {[#] White must now prevent ...Qa6.} 16. Qxc4+ Be6 17. Qxc5 Qxc5 18. Bxc5 Bc4 (18... Bxa2 $11 19. Nd4 b6) 19. Rc2 $14 Bd3 {[%csl LRc2,LRe4] A strong pair of Bishops.} 20. Rd2 Bxe4 21. Rxd8 Rxd8 22. Bxa7 Rd2 {[%csl LRa2,LRe2]} 23. Re1 Rxa2 24. Bd4 Bh6 25. Ng3 Bc6 26. Nf1 Rc2 27. h3 (27. f3 {looks sharper.} Bb5 28. Ng3 Bc6 29. Ne4 Bf4 30. Rf1) 27... Bf4 28. Ne3 Bxe3 29. Rxe3 {[%mdl 4096] Endgame KRB-KRB} h5 30. Re5 Rb2 31. Kh2 Rb5 32. Re3 Rg5 33. f3 Rb5 34. Re2 Ra5 35. Kg3 Rf5 36. Kh4 ({White should try} 36. Ra2 $16) 36... Bb5 (36... Rf4+ $1 $11 {keeps the balance.} 37. Kg3 Rf5) 37. Re1 Bc4 38. Be5 Bd5 39. Re3 Ke6 40. Bc7+ Kf7 41. Bd6 Bc6 42. c4 {[%cal Bc3c4,Bc4c5][%mdl 32]} Kf6 43. Re2 Ra5 44. f4 Ra4 45. Be5+ Kf7 $1 46. c5 $1 Re4 47. Rd2 Re1 48. Rd6 {[#] And now Rf6+ would win.} Be4 $1 49. Rd7+ Ke6 50. Rd6+ Kf7 51. g4 Rh1 $2 (51... hxg4 $14 52. hxg4 (52. Kxg4 Rc1 $11) 52... Rh1+ 53. Kg5 Rg1) 52. Rf6+ (52. gxh5 $6 gxh5 53. f5 (53. Kxh5 Rxh3+ 54. Kg4 Rd3 $16) 53... Ke8 $16) (52. f5 $18 {is more deadly.} gxf5 53. g5 (53. gxh5 Bg2 $18) (53. Kxh5 Rxh3+ 54. Kg5 fxg4 $11)) 52... Ke7 $16 53. gxh5 gxh5 54. Rh6 Bg2 55. Kg5 {White is more active.} (55. Rxh5 $6 Rxh3+ 56. Kg5 Rxh5+ 57. Kxh5 Ke6 $11) (55. Kg3 $16 Be4 56. Rxh5) 55... Rxh3 $2 (55... Bxh3 $14 56. Bd4 (56. Rxh5 Ke6 $14) 56... Rh2) 56. f5 $18 (56. Rxh5 Rxh5+ 57. Kxh5 Ke6 $11) 56... Bd5 57. Bd6+ ({White should play} 57. Rh7+ $18 Ke8 58. Kf6) 57... Kd7 $16 58. Rh7+ ({Much weaker is} 58. Rxh5 $6 Rxh5+ 59. Kxh5 b6 $11) (58. Bf4 $16 {Rd6+ is the strong threat.} Rd3 59. Rd6+ (59. Rxh5 Kc6 $11) (59. Kxh5 Be4 $11) 59... Ke8 60. Rh6 (60. Kxh5 Bf7+ 61. Kh6 Rxd6+ 62. Bxd6 Kd7 $14)) 58... Kc6 $14 {[%cal Oh5h4]} 59. Rxh5 (59. f6 $16 {aiming for Rc7+.} Rf3 60. Bf4 (60. Rxh5 b6 $11)) 59... Rxh5+ {Weighted Error Value: White=0.15 (very precise) /Black=0.18 (very precise)} 1/2-1/2

[Event "Charlotte IM-B MLK 2022"]
[Site "Charlotte"]
[Date "2022.01.16"]
[Round "6.1"]
[White "Lima Martinez, Alejandro"]
[Black "Shen, Christopher"]
[Result "1/2-1/2"]
[WhiteElo "2078"]
[BlackElo "2335"]
[Annotator "TA"]
[PlyCount "73"]
[EventDate "2022.01.13"]
[EventType "tourn"]
[EventCountry "USA"]
[SourceTitle "playchess.com"]
[Source "ChessBase"]
[SourceQuality "1"]

{[%evp 19,73,43,39,24,27,1,9,18,33,32,37,43,41,11,11,0,14,0,12,0,10,0,12,0,0,-14,0,0,0,0,11,10,10,10,70,66,63,10,73,73,68,71,75,64,107,108,113,102,115,110,210,110,109,96,106,96]} 1. d4 {ChessBase II} Nf6 2. Nf3 g6 3. c4 Bg7 4. g3 O-O 5. Bg2 d6 6. O-O Bf5 7. Nbd2 c6 8. b3 Ne4 9. Bb2 Nxd2 10. Qxd2 Be4 {[#]} 11. h4 $146 {[%cal Oh4h5] E60: King's Indian: Unusual lines and Fianchetto Variation without Nc3.} ({Predecessor:} 11. e3 Nd7 12. Qe2 Qa5 13. Nd2 Bxg2 14. Kxg2 e5 15. Qd3 exd4 16. Bxd4 Nc5 17. Qc2 Bxd4 18. exd4 Ne6 {½-½ (30) Horvath,J (2516)-Vovk,A (2567) Vaujany 2013 EXT 2014 [ChessBase II]}) 11... Nd7 12. Ng5 Bxg2 13. Kxg2 {The position is equal.} d5 14. cxd5 cxd5 15. Qb4 Rb8 16. Ba3 Re8 17. Nf3 e6 18. Bc1 Bf8 19. Qb5 a6 20. Qd3 Rc8 21. a4 Nb8 22. Ne5 {[%cal Oh4h5]} Nc6 23. Nxc6 Rxc6 24. Bd2 Bd6 25. Rfc1 Rxc1 26. Rxc1 f5 (26... Qd7 $11) 27. Bg5 $14 Qd7 28. Qd2 (28. h5 $14) 28... e5 (28... Rc8 $11) 29. dxe5 $16 Bxe5 30. Rc5 d4 31. Qd3 Kg7 (31... Qe6 $14) 32. Qf3 b6 {[#]} 33. Qc6 Qf7 (33... Qe6 34. Qxe6) 34. Rd5 {aiming for Rd7. White is more active.} ({But not} 34. Qxb6 d3 35. exd3 (35. Qxa6 dxe2 36. Qxe2 Bd4 $11) 35... Bd4 $11) 34... Kg8 (34... Rc8 $16 {might work better.} 35. Qd7 (35. Qxc8 Qxd5+ 36. Kg1 h6 $16) 35... Qxd7 36. Rxd7+ Kg8) 35. Rd7 (35. Rd8 $18 Rxd8 36. Bxd8) 35... Qe6 36. Qxe6+ Rxe6 37. Rd8+ {Weighted Error Value: White=0.13 (very precise) /Black=0.18 (very precise)} 1/2-1/2